Đảng Cộng sản Việt Nam - 10 mốc son lịch sử

Đã lưu trong:
Bibliografiske detaljer
Hovedforfatter: PHẠM GIA ĐỨC
Format: Bog
Sprog:Undetermined
Udgivet: Hà Nội Quân đội nhân dân 2001
Fag:
Tags: Tilføj Tag
Ingen Tags, Vær først til at tagge denne postø!
Thư viện lưu trữ: Trung tâm Học liệu Trường Đại học Cần Thơ
LEADER 00555nam a2200169Ia 4500
001 CTU_47103
008 210402s9999 xx 000 0 und d
082 |a 324.2597075 
082 |b Đ552/2001 
100 |a PHẠM GIA ĐỨC 
245 0 |a Đảng Cộng sản Việt Nam - 10 mốc son lịch sử 
245 0 |c PHẠM GIA ĐỨC, Lê Hải Triều 
260 |a Hà Nội 
260 |b Quân đội nhân dân 
260 |c 2001 
650 |a communist parties - vietnam 
980 |a Trung tâm Học liệu Trường Đại học Cần Thơ